00000000nam 2200000za 4500
0019.854017
003CaOODSP
00520221107154950
007cr |||||||||||
008180321s2000    oncd||||o    f000 0 eng d
020 |z0-660-18073-1
040 |aCaOODSP|beng
043 |an-cn---
0861 |aNH15-346/2000E-PDF|zNH15-346/2000E
1001 |aOnysko, D. M.
24510|aDrying of walls with ventilated stucco cladding |h[electronic resource] : |ba parametric analysis / |cby Donald M. Onysko.
24630|aParametric analysis
260 |a[Ottawa] : |bCanada Mortgage and Housing Corporation, |cc2000.
300 |axi, 51, 4, [2] p. : |bcharts
4901 |aResearch report. Housing technology series ;
500 |aIssued also in French under title: Analyse paramétrique de l’assèchement des murs revêtus de stucco ventilé.
500 |aDigitized edition from print [produced by Canada Mortgage and Housing Corporation].
504 |aIncludes bibliographic references.
520 |a"A parametric study of stucco clad wall systems was undertaken to help understand the drying behaviour of outer wall venting systems and to determine which systems would be worth investigating in an experimental test program by the Envelope Drying Rates Analysis Consortium (EDRA)"--Exec. Summary, p. iii.
69207|2gccst|aConstruction materials
69207|2gccst|aHousing
7102 |aCanada Mortgage and Housing Corporation.
77508|tAnalyse paramétrique de l’assèchement des murs revêtus de stucco ventilé |w(CaOODSP)9.854026
830#0|aResearch report. Housing technology series.|w(CaOODSP)9.506186
85640|qPDF|s4.15 MB|uhttps://publications.gc.ca/collections/collection_2018/schl-cmhc/nh15/NH15-346-2000-eng.pdf